[Event "WJCC U20 Open 2019"]
[Site "New Delhi"]
[Date "2019.10.22"]
[Round "8.8"]
[White "Kollars, Dmitrij"]
[Black "Agmanov, Zhandos"]
[Result "1-0"]
[WhiteElo "2587"]
[BlackElo "2403"]
[Annotator "TA"]
[PlyCount "109"]
[EventDate "2019.10.15"]
[EventType "swiss"]
[EventCountry "IND"]
[SourceTitle "playchess.com"]
[Source "ChessBase"]
[SourceQuality "1"]

{[%evp 13,109,18,22,7,6,-4,0,-3,51,25,25,28,30,18,27,23,36,38,34,34,27,34,41,35,36,49,37,29,42,30,34,37,35,35,38,0,0,0,43,43,52,44,45,43,77,31,102,90,90,81,89,0,93,94,95,90,100,91,102,0,112,120,102,96,92,0,119,92,111,111,111,106,111,94,78,105,138,129,245,245,245,245,245,245,241,250,248,247,277,233,383,380,389,387,375,364,360,352]} 1. e4 e5 2. Nf3 Nc6 3. Bb5 a6 4. Ba4 Nf6 5. O-O Be7 6. d3 b5 7. Bb3 d6 8. Bd2 {C84: Closed Ruy Lopez: Unusual White 6th moves} (8. c3 Na5 9. Bc2 c5 10. d4 cxd4 11. cxd4 O-O 12. h3 Re8 13. d5 Bd7 14. Nc3 Qb8 15. Bd3 Rc8 16. Ne2 {0-1 (40) Carlsen,M (2882)-Ding,L (2805) Saint Louis 2019}) 8... Bg4 9. c3 $146 ({Predecessor:} 9. h3 Bxf3 10. Qxf3 Nd4 11. Qe3 O-O 12. c3 Nxb3 13. axb3 c5 14. Qe2 Qc7 15. Na3 d5 16. exd5 Nxd5 {1-0 (33) Voiculescu,C (2371)-Garcia Sanchez,J (2037) ICCF email 2008}) 9... Na5 10. Bc2 {The position is equal.} c6 (10... O-O $11) 11. Re1 O-O 12. h3 Bh5 13. Bc1 Re8 14. Nbd2 {[%cal Bb1d2,Bd2f1,Bf1g3][%mdl 32]} Bf8 15. Nf1 d5 16. Ng3 Bg6 17. Nh4 dxe4 18. dxe4 Qxd1 19. Rxd1 Red8 20. Bg5 Nc4 21. b3 Na3 22. Bd3 Rd7 23. Kf1 Rad8 24. Bxf6 gxf6 25. Ke2 Bc5 26. f3 a5 27. Rac1 Kf8 28. Nhf5 Bxf5 29. Nxf5 b4 ({Black should play} 29... Ke8 $14) 30. cxb4 $16 Bxb4 31. Ne3 (31. Rxc6 $6 Nb5 $11) 31... Rd6 32. Nf5 R6d7 $1 33. h4 (33. Rxc6 $6 Nb5 $11) 33... Kg8 34. h5 (34. Rxc6 $6 Nb5 $11) 34... Kf8 35. Ne3 (35. Rxc6 $6 Nb5 $11) 35... Rd6 36. Nf5 R6d7 $1 37. g3 (37. Rxc6 $6 Nb5 $11) 37... Kg8 38. Ne3 (38. Rxc6 $6 Nb5 $11) 38... Rd6 39. Nf5 R6d7 $1 40. f4 $36 {[%mdl 2048] White has strong initiative.} (40. Rxc6 $6 Nb5 $11) 40... Kf8 41. fxe5 fxe5 {[#]} 42. g4 $1 ({Reject} 42. Rxc6 $6 Nb5 $11) 42... Kg8 43. g5 ({Of course not} 43. Rxc6 Nb5 $11) 43... Kf8 44. Ne3 Rd6 {[#]} 45. Ng4 $1 Rd4 (45... a4 $16 46. Nxe5 (46. bxa4 c5 $16) 46... axb3) 46. Nxe5 $18 Nb5 47. Nxc6 {[%mdl 64] Double Attack} Nc3+ 48. Rxc3 Bxc3 49. Nxd4 Bxd4 {[%mdl 4096] Endgame KRB-KRB} 50. Bc4 Ke7 51. Rf1 Rf8 (51... f6 {was worth a try.} 52. gxf6+ Bxf6) 52. Rf5 {White is winning.} Bc3 53. a3 Ke8 54. Rc5 {Bb5+ is the strong threat.} Ke7 55. Bxf7 {Accuracy: White = 83%, Black = 64%.} 1-0

[Event "WJCC U20 Open 2019"]
[Site "New Delhi"]
[Date "2019.10.22"]
[Round "8.9"]
[White "Iniyan, P."]
[Black "Pogosyan, Stefan"]
[Result "*"]
[WhiteElo "2509"]
[BlackElo "2364"]
[Annotator "TA"]
[PlyCount "42"]
[EventDate "2019.10.15"]
[EventType "swiss"]
[EventCountry "IND"]
[SourceTitle "playchess.com"]
[Source "ChessBase"]
[SourceQuality "1"]

{[%evp 25,31,27,30,29,18,33,37,31]} 1. e4 c5 2. Nf3 Nc6 3. d4 cxd4 4. Nxd4 e6 5. Nc3 Qc7 6. f4 d6 7. Be3 Nf6 8. Be2 Be7 9. O-O O-O 10. Kh1 Nxd4 11. Qxd4 e5 12. Qd3 a6 13. a4 exf4 14. Bxf4 {B85: Sicilian Scheveningen: 6 Be2 a6, lines with early Be3} Be6 15. Qg3 Rfd8 16. Rad1 {Predecessor:} Qc5 $146 17. Bh6 Ne8 18. Nd5 Bxd5 19. Rxd5 Qxc2 20. Rdf5 f6 21. Bh5 Kh8 {1-0 (30) Brkic,A (2575)-Galego,L (2485) Eilat 2012} *

[Event "WJCC U20 Open 2019"]
[Site "New Delhi"]
[Date "2019.10.22"]
[Round "8.9"]
[White "Iniyan, P."]
[Black "Pogosyan, Stefan"]
[Result "1/2-1/2"]
[WhiteElo "2509"]
[BlackElo "2364"]
[Annotator "TA"]
[PlyCount "62"]
[EventDate "2019.10.15"]
[EventType "swiss"]
[EventCountry "IND"]
[SourceTitle "playchess.com"]
[Source "ChessBase"]
[SourceQuality "1"]

{[%evp 25,62,24,23,26,27,32,34,25,52,12,12,9,9,14,23,0,0,0,0,0,0,0,0,0,0,0,6,0,0,0,0,0,0,0,0,0,0,0,0]} 1. e4 c5 2. Nf3 Nc6 ({Predecessor:} 2... e6 3. d4 cxd4 4. Nxd4 Nf6 5. Nc3 d6 6. Be2 Be7 7. O-O O-O 8. Be3 a6 9. f4 Qc7 10. Kh1 Nc6 11. a4 Re8 12. Bg1 Rb8 13. Qd3 Nxd4 14. Bxd4 e5 15. Ba7 Ra8 16. Be3 exf4 17. Bxf4 Be6 18. Rad1 Red8 {½-½ (27) Gaertig,L-Janosi,E Switzerland 1989}) 3. d4 cxd4 4. Nxd4 e6 5. Nc3 Qc7 6. f4 d6 7. Be3 Nf6 8. Be2 Be7 9. O-O O-O 10. Kh1 Nxd4 11. Qxd4 e5 12. Qd3 a6 13. a4 exf4 14. Bxf4 {B85: Sicilian Scheveningen: 6 Be2 a6, lines with early Be3} Be6 15. Qg3 Rfd8 $146 (15... Ne8 16. Rad1 Rd8 17. e5 d5 18. Bd3 Kh8 19. Ne2 Qd7 20. Bg5 g6 21. Nd4 Rc8 {1-0 (31) Petrosian,T (2625)-Grigoryan,K (2602) Yerevan 2016}) 16. Rad1 {White is slightly better.} Ne8 17. e5 dxe5 18. Bxe5 Bd6 19. Rxd6 Rxd6 20. Ne4 {[%mdl 64] [#] Pin} Qxc2 {[%mdl 64] Double Attack. The position is equal.} 21. Nxd6 Qxe2 {[%cal Re2f1]} 22. Re1 Qg4 23. Qxg4 Bxg4 24. Nxb7 Rc8 25. b4 Rc4 26. b5 axb5 27. axb5 {[#] Threatens to win with b6.} Be6 $1 28. Bg3 Rb4 29. Nc5 Rxb5 30. Nxe6 fxe6 31. Rxe6 Rb1+ {Accuracy: White = 58%, Black = 81%.} 1/2-1/2

[Event "WJCC U20 Open 2019"]
[Site "New Delhi"]
[Date "2019.10.22"]
[Round "8.10"]
[White "Audi Ameya"]
[Black "Drygalov, Sergey"]
[Result "0-1"]
[WhiteElo "2336"]
[BlackElo "2470"]
[Annotator "TA"]
[PlyCount "74"]
[EventDate "2019.10.15"]
[EventType "swiss"]
[EventCountry "IND"]
[SourceTitle "playchess.com"]
[Source "ChessBase"]
[SourceQuality "1"]

{[%evp 24,74,15,24,28,31,31,14,27,13,18,0,2,9,24,-29,41,-36,-37,-34,-39,-88,-42,-201,-104,-88,-103,-158,-168,-370,-366,-372,-379,-371,-353,-451,-443,-445,-412,-452,-411,-509,-470,-472,-472,-444,-453,-484,-485,-532,-508,-520,-514]} 1. e4 c5 2. Nf3 d6 3. d4 cxd4 4. Nxd4 Nf6 5. Nc3 a6 6. f3 e5 7. Nb3 Be6 8. Be3 Be7 9. Qd2 O-O 10. O-O-O Nbd7 11. g4 b5 12. g5 Nh5 13. Nd5 Bxd5 $1 {B90: Sicilian Najdorf: Unusual White 6th moves, 6 Be3 Ng4 and 6 Be3 e5} 14. exd5 f6 15. g6 hxg6 {The position is equal.} 16. Na5 f5 17. Nc6 Qe8 18. Rg1 Kh7 19. Qb4 {[#]} ({Better is} 19. Kb1) 19... Nb8 $146 (19... Ndf6 $11 20. Qb3 Rc8) ({Predecessor:} 19... Ndf6 20. c4 bxc4 21. Bxc4 {0-1 (49) Piccoli,F (2678)-Blass,U (2611) ICCF email 2008}) 20. Na5 ({White should play} 20. Nxe7 $14 Qxe7 21. Bd3) 20... Bd8 $15 21. Nb7 Bc7 22. Kb1 {[#]} Nd7 $1 23. Rd2 $2 {[#]} (23. Bd3 $1 $15) 23... Rb8 (23... e4 $1 $19 24. f4 Bb6 25. Bxb6 Nxb6) 24. Na5 $17 Ndf6 $36 {[%mdl 2048] Black is in control.} 25. Qc3 (25. Be2 $142) 25... Qf7 26. Nb3 $2 (26. Nc6 {keeps fighting.}) 26... Nxd5 $19 27. Rxd5 Qxd5 28. Be2 Bb6 29. Bxb6 Rxb6 30. Qe3 Rbb8 31. Qg5 Qf7 32. Na5 Qf6 {Black is clearly winning.} 33. Qd2 {[#]} d5 $1 34. Nb3 (34. Qxd5 Qb6) 34... Nf4 35. Rg3 Rbc8 36. Bd1 d4 37. Rg1 g5 {Accuracy: White = 23%, Black = 66%.} 0-1

[Event "WJCC U20 Open 2019"]
[Site "New Delhi"]
[Date "2019.10.22"]
[Round "8.11"]
[White "Janik, Igor"]
[Black "Mendonca, Leon Luke"]
[Result "1/2-1/2"]
[WhiteElo "2467"]
[BlackElo "2388"]
[Annotator "TA"]
[PlyCount "69"]
[EventDate "2019.10.15"]
[EventType "swiss"]
[EventCountry "IND"]
[SourceTitle "playchess.com"]
[Source "ChessBase"]
[SourceQuality "1"]

{[%evp 14,69,35,25,42,37,32,32,37,25,44,49,50,25,14,25,11,10,47,0,0,0,0,-11,-21,-14,-4,-27,-22,-25,-24,-40,-30,-32,-34,-27,-34,-32,-26,-28,-27,-33,-32,-33,-33,-32,-31,-33,-27,-28,-8,-15,-12,-25,-18,-18,-23,-17]} 1. d4 Nf6 2. c4 e6 3. Nf3 d5 4. g3 Be7 5. Bg2 O-O 6. O-O dxc4 7. Ne5 c5 8. dxc5 Qc7 {E05: Open Catalan: 5 Nf3 Be7} 9. Nxc4 Rd8 10. Qb3 Nc6 {White is slightly better.} 11. Be3 {aiming for Nc3.} Nd4 12. Bxd4 $1 Rxd4 13. Nba3 {[#] Nb5 is the strong threat.} Qxc5 14. Rac1 Rd8 {[#]} 15. Ne3 $146 ({Predecessor:} 15. Qb5 Rb8 16. Qxc5 Bxc5 17. Na5 Bb6 18. N5c4 Bc5 19. Na5 Bb6 20. N5c4 {½-½ (20) Mchedlishvili,M (2607)-Kovalev,V (2664) Batumi 2018}) 15... Qb4 16. Rc3 Rb8 17. Rfc1 Bd7 18. Rc7 Qxb3 19. axb3 Rdc8 20. Rxc8+ Rxc8 21. Rxc8+ Bxc8 22. Nb5 Bd7 23. Nc3 b6 24. Nc4 Kf8 25. e3 Ke8 26. Kf1 Kd8 27. Ne5 Be8 28. Bc6 Ng4 29. Bxe8 Nxe5 $15 {[%mdl 4096] Endgame KBN-KBN} 30. Bb5 h5 31. Ke2 Ng4 32. h3 Nf6 33. Bd3 Bc5 34. f4 Nd5 35. Nxd5 {Accuracy: White = 63%, Black = 75%.} 1/2-1/2

[Event "WJCC U20 Open 2019"]
[Site "New Delhi"]
[Date "2019.10.22"]
[Round "8.12"]
[White "Wang, Shixu B"]
[Black "Haria, Ravi"]
[Result "1-0"]
[WhiteElo "2370"]
[BlackElo "2463"]
[Annotator "TA"]
[PlyCount "103"]
[EventDate "2019.10.15"]
[EventType "swiss"]
[EventCountry "IND"]
[SourceTitle "playchess.com"]
[Source "ChessBase"]
[SourceQuality "1"]

{[%evp 13,103,5,24,22,25,1,13,11,13,10,12,10,20,24,17,15,18,28,18,14,12,0,22,10,25,23,39,29,35,30,33,0,28,13,41,40,64,61,66,0,8,10,26,0,36,14,20,35,121,127,187,172,191,185,248,248,246,246,239,239,223,223,210,202,461,464,460,458,441,445,437,434,443,427,485,472,485,484,466,469,443,436,532,500,1045,910,29976,29977,29977,29977,29945,6172]} 1. d4 e6 2. c4 d5 3. Nc3 Bb4 4. e3 Nf6 5. a3 Bxc3+ 6. bxc3 c6 7. Bd3 O-O 8. Ne2 {E49: Nimzo-Indian: Rubinstein: 5 Bd3 d5 6 a3 Bxc3+ 7 bxc3} b6 9. O-O Ba6 10. cxd5 {The position is equal.} Bxd3 11. Qxd3 {And now dxe6 would win.} cxd5 12. c4 Nc6 13. cxd5 Qxd5 14. f3 {[#]} Rfd8 $146 ({Predecessor:} 14... Na5 15. e4 Qb3 16. Qxb3 Nxb3 {½-½ (25) Tomashevsky,E (2705)-Martirosyan,H (2616) Skopje 2019}) 15. e4 Qd7 {[%cal Rc6d4]} 16. Be3 Rac8 17. Rac1 h6 18. Bf2 Nh7 19. Bh4 Re8 20. Rfd1 Nf8 21. Be1 Red8 22. Bh4 Re8 23. a4 Ng6 24. Be1 Red8 25. Qb5 $36 {[%mdl 2048] White is pushing.} Nge7 26. d5 ({Better is} 26. h4 $14) 26... exd5 $11 27. exd5 Nb8 28. d6 {[#] Hoping for Qxd7.} (28. Rxc8 {is more complex.} Qxc8 29. Bg3 Na6 30. d6 Nf5 31. d7) 28... Qxb5 29. axb5 Rxc1 30. Nxc1 Nc8 (30... Nf5 $14) 31. Bg3 $16 Kf8 (31... Nd7 $16) 32. Nb3 Nd7 33. Nd4 Nc5 (33... h5 $142 34. h4 g6) 34. Nc6 $18 Rd7 35. Nb8 Ke8 36. Nxd7 Kxd7 {[%mdl 4096] Endgame KRB-KNN} 37. Kf2 Nb7 38. Ra1 Na5 $2 (38... Nbxd6 {was worth a try.} 39. Bxd6 Kxd6) 39. Rc1 Nxd6 40. Bxd6 Kxd6 {KR-KN} 41. Rc8 Nb7 42. Rb8 Kc7 43. Ra8 Nd6 {Threatening ...Nc8.} 44. Rxa7+ Kd8 45. g4 Ke8 46. Ra8+ Ke7 47. Rg8 Ne8 48. Ke3 f6 (48... g6 $142 49. Rh8 Nd6 50. Rxh6 Nxb5) 49. Kd4 Kf7 {[#]} 50. Rxe8 $1 {[%mdl 512] White mates.} Kxe8 51. Kd5 Kd7 52. f4 {Accuracy: White = 75%, Black = 40%.} 1-0

[Event "WJCC U20 Open 2019"]
[Site "New Delhi"]
[Date "2019.10.22"]
[Round "8.13"]
[White "Tabatabaei, M.amin"]
[Black "Raja Harshit"]
[Result "1/2-1/2"]
[WhiteElo "2642"]
[BlackElo "2440"]
[Annotator "TA"]
[PlyCount "231"]
[EventDate "2019.10.15"]
[EventType "swiss"]
[EventCountry "IND"]
[SourceTitle "playchess.com"]
[Source "ChessBase"]
[SourceQuality "1"]

{[%evp 23,231,14,16,8,13,13,13,7,9,9,15,15,15,15,14,14,21,17,20,13,13,13,12,10,11,8,12,13,9,0,0,0,7,8,13,0,4,0,27,0,0,0,0,0,16,9,9,9,17,17,56,0,0,0,0,0,0,0,0,0,0,0,8,8,8,8,8,8,45,43,77,0,0,0,68,70,63,0,41,0,31,31,31,31,31,31,31,8,31,31,31,8,8,8,8,8,8,8,8,0,8,8,8,8,8,8,8,8,8,8,8,8,8,8,8,8,8,8,8,8,8,8,8,8,8,8,8,8,8,8,8,8,8,8,8,8,8,8,8,8,8,8,8,8,8,8,8,8,8,8,8,8,8,6,31,8,8,6,8,0,0,0,0,0,0,0,0,0,0,0,0,0,0,0,0,0,0,0,0,0,0,0,0,0,0,0,0,0,0,0,0,0,0,0,0,0,0,0,0,0,0,0,0,0,0,0,3,0,0,0]} 1. d4 Nf6 2. c4 e6 3. Nf3 d5 4. Nc3 c6 5. e3 Nbd7 6. Qc2 Bd6 7. b3 O-O 8. Be2 e5 9. cxd5 cxd5 10. Nb5 Bb4+ 11. Bd2 Bxd2+ 12. Nxd2 a6 13. dxe5 {D45: Semi-Slav: 5 e3} Nxe5 14. Nd4 Bg4 15. Bxg4 Nfxg4 16. O-O Rc8 ({Much weaker is} 16... Qh4 $6 17. h3 $16) 17. Qd1 Qd6 18. h3 Nf6 19. N2f3 {[#]} Rc3 $146 ({Predecessor:} 19... Nxf3+ 20. Qxf3 Rc7 {½-½ (47) Leko,P (2712)-Harikrishna,P (2755) Danzhou 2016}) 20. Nxe5 Qxe5 21. Ne2 Rc5 22. Qd4 Qxd4 23. Nxd4 h5 24. Rfc1 Rfc8 25. Rxc5 Rxc5 $11 {[%mdl 4096] Endgame KRN-KRN} 26. g3 g6 27. f3 Nd7 28. Rd1 Ne5 29. Rd2 Rc1+ 30. Kg2 Kf8 31. g4 (31. Ne2 $5 {[%cal Re2c1]} Re1 32. Kf2 $14) 31... hxg4 32. hxg4 Nc6 33. Ne2 Ra1 34. Nc3 Nb4 35. Kg3 Ke7 36. Rd4 a5 37. a4 (37. Nxd5+ $14 Nxd5 38. Rxd5) 37... Ke6 38. e4 {[%cal Re4d5]} Ke5 39. Nb5 g5 40. exd5 Nxd5 41. Re4+ Kf6 {next ...Ra2 is good for Black.} 42. Nd6 Rb1 43. Re8 Rxb3 44. Ne4+ Kg7 45. Re5 Nc3 46. Rxg5+ Kf8 {[#] White must now prevent ...Nxe4+.} 47. Nc5 ({White should try} 47. Nxc3 $16 {aiming for Rc5.} Rxc3 48. Rxa5) 47... Rb4 48. Re5 Rd4 (48... Kg7 $11) 49. Nxb7 $14 Rxa4 50. Nc5 (50. Rxa5 $14 Rxa5 51. Nxa5) 50... Rd4 {With the idea ...a4.} 51. Re3 (51. Nb3 $5 {[%cal Rb3d4]} Rd3 52. Nxa5 $16) 51... Na4 52. Nb7 Nb6 53. Nxa5 Nc4 54. Nxc4 Rxc4 {KR-KR} 55. Re4 Rc3 56. Kf4 Kg7 57. Ra4 Kg6 58. Ra6+ f6 59. Re6 Rc4+ 60. Kg3 Rc3 61. Kf4 Rc4+ 62. Re4 Rc5 63. Rd4 Ra5 64. Rd3 Ra6 65. Rd5 Ra4+ 66. Kg3 Ra3 67. Rf5 Ra1 68. Rb5 Ra3 69. Rb4 Rc3 70. Kf4 Rc5 71. Rb6 Rc4+ 72. Ke3 Rc3+ 73. Ke4 Rc4+ 74. Kd3 Ra4 75. Rd6 Ra3+ 76. Ke4 Ra4+ 77. Ke3 Ra3+ 78. Kf2 $1 Ra2+ 79. Kg3 $1 Ra3 80. Rd8 Rb3 81. Re8 Kf7 82. Re4 Kg6 83. Kf4 Ra3 84. Rb4 Ra5 85. Rc4 Rb5 86. Ra4 Rc5 87. Ra3 Rc6 88. Ke4 Rb6 89. Rc3 Rb5 {The position is equal.} 90. Rc6 Rb4+ 91. Kd5 Rf4 92. Rc3 Kf7 93. Ra3 (93. g5 $5) 93... Rb4 94. Kc5 Rf4 95. Rd3 Ke6 96. Re3+ Kf7 97. Kd5 Ra4 98. Rd3 Rf4 99. Kd6 Ra4 100. Kd7 Ra7+ 101. Kc6 Ra4 102. Rc3 Ke6 103. Kc7 Ra7+ 104. Kb6 Ra4 105. Rc6+ Kf7 106. Rc5 Kg6 107. Rf5 Rc4 108. Kb5 Rc1 109. Kb4 Rc2 110. Kb3 Rc1 111. Kb2 Rc4 112. Kb1 Rc3 113. Ka2 Rc1 114. Kb3 Rc6 115. Rd5 Rc1 116. Kb2 {Accuracy: White = 71%, Black = 79%.} 1/2-1/2

[Event "WJCC U20 Open 2019"]
[Site "New Delhi"]
[Date "2019.10.22"]
[Round "8.14"]
[White "Di Benedetto, Edoardo"]
[Black "Albornoz Cabrera, Carlos Daniel"]
[Result "1/2-1/2"]
[WhiteElo "2401"]
[BlackElo "2581"]
[Annotator "TA"]
[PlyCount "81"]
[EventDate "2019.10.15"]
[EventType "swiss"]
[EventCountry "IND"]
[SourceTitle "playchess.com"]
[Source "ChessBase"]
[SourceQuality "1"]

{[%evp 20,81,29,0,47,52,87,35,175,175,210,196,224,210,508,532,519,465,423,229,229,220,270,258,235,106,105,118,112,151,169,113,110,101,79,72,72,72,72,71,73,12,7,0,0,-5,-4,-6,-6,-8,-10,-28,-28,-50,-47,-43,-9,-12,0,0,0,0,0,0]} 1. d4 Nf6 2. c4 e6 3. Nc3 Bb4 4. e3 O-O 5. Bd3 c5 6. a3 Bxc3+ 7. bxc3 d5 8. Ne2 dxc4 9. Bxc4 b6 10. O-O Qc7 11. Bd3 e5 {E49: Nimzo-Indian: Rubinstein: 5 Bd3 d5 6 a3 Bxc3+ 7 bxc3} (11... Bb7 12. f3 e5 13. e4 cxd4 14. cxd4 exd4 15. Nxd4 Qc3 16. Nf5 Rd8 17. Bg5 Rxd3 18. Qe2 Rd8 19. e5 {0-1 (37) Korobov,A (2652)-Harikrishna,P (2744) Riadh 2017}) 12. e4 Bb7 $146 ({Predecessor:} 12... Ba6 13. dxe5 Rd8 14. exf6 Bxd3 15. Qd2 Bxe4 16. Qg5 Bg6 17. Bf4 Qd7 18. fxg7 Nc6 19. h4 {1-0 (38) Goy,U (2105)-Ziegler,W (1806) Schloss Schney 2004}) 13. dxe5 (13. d5 $16) 13... Ng4 ({Black should play} 13... Qxe5 $14 14. f4 Qc7) 14. f4 $1 $18 Rd8 15. Ng3 c4 {White must now prevent ...Nh6.} 16. Qxg4 cxd3 $2 (16... Rxd3 17. Nf5 Qc5+ 18. Rf2 Qf8) 17. Nh5 {[%csl Gh5][%cal Rg4g7]} Qc5+ 18. Kh1 {[%csl Gh5][%cal Rg4g7]} Qf8 19. Bd2 (19. f5 $142 {Strongly threatening Bh6!} d2 20. Bb2 (20. Nf6+ Kh8 $17)) 19... Nd7 20. Rae1 Kh8 21. Rf3 $1 Rac8 22. Rg3 (22. Qh4 $18 {has better winning chances.}) 22... g6 $16 23. Nf6 Nxf6 24. exf6 {Threatens to win with f5.} Re8 {[#]} 25. f5 (25. Rxd3 $6 Bxe4 26. Rde3 Bf5 $11) (25. e5 $1 $18) 25... Rc4 {[%cal Rc4e4]} 26. fxg6 ({Much weaker is} 26. Rxd3 $6 Rcxe4 27. Rxe4 Bxe4 $11) 26... fxg6 27. Qd7 ({Don't play} 27. Rxd3 Qxf6 28. h3 Rcxe4 $11) 27... Bc6 28. Qxd3 Rcxe4 29. Rxe4 Bxe4 {[#]} 30. Qd4 (30. Qf1 $1 $16 {And now f7 would win.} Kg8 31. h3) 30... Rd8 $11 31. Qxe4 Rxd2 {[%mdl 4096] Endgame KQR-KQR} 32. h3 Qxf6 33. Rf3 $132 {[%mdl 2048] White puts up resistance} Rd1+ 34. Kh2 Qd6+ 35. Qf4 Kg7 36. Qxd6 Rxd6 37. Rf4 Rd5 38. Ra4 {The position is equal.} a5 39. Rc4 Rb5 40. a4 Rb3 41. Kg3 {Accuracy: White = 50%, Black = 50%.} 1/2-1/2

[Event "WJCC U20 Open 2019"]
[Site "New Delhi"]
[Date "2019.10.22"]
[Round "8.15"]
[White "Kuybokarov, Temur"]
[Black "Sammed Jaykumar, Shete"]
[Result "1-0"]
[WhiteElo "2501"]
[BlackElo "2392"]
[Annotator "TA"]
[PlyCount "117"]
[EventDate "2019.10.15"]
[EventType "swiss"]
[EventCountry "IND"]
[SourceTitle "playchess.com"]
[Source "ChessBase"]
[SourceQuality "1"]

{[%evp 23,117,43,43,22,48,39,77,-19,0,0,-11,-1,-4,-13,-5,-38,-14,-31,0,-31,0,0,0,0,22,-51,-48,-84,37,-55,0,0,0,0,0,0,0,0,40,35,134,138,114,121,184,87,86,73,132,56,62,33,72,66,240,231,231,198,198,198,198,198,175,175,175,175,224,198,224,104,224,224,218,210,203,195,525,525,525,525,525,525,525,525,525,525,478,391,12503,12503,29981,29977,29987,29988,29989,29990]} 1. c4 e5 2. g3 Nf6 3. Bg2 c6 4. d4 d6 5. Nc3 Be7 6. e4 Qa5 7. Nge2 O-O 8. O-O Nbd7 9. Bd2 Qc7 10. h3 a6 11. a4 a5 12. Be3 Re8 13. g4 $146 {A53: Old Indian Defence without Nf3} ({Predecessor:} 13. Qc2 Qb8 14. Rad1 Bd8 15. f4 Bb6 16. Bf2 exd4 17. Nxd4 Nc5 18. Rfe1 Be6 19. b3 Re7 20. Kh2 Qf8 {1-0 (83) Moskalenko,V (2530)-Escobar Forero,A (2407) Badalona 2005}) 13... h5 14. g5 Nh7 15. Qd2 (15. h4 $1 $16) 15... h4 16. f4 exf4 17. g6 fxg6 18. Nxf4 Ndf8 $1 19. Qf2 {And now Nxg6 would win.} Bf6 20. Rae1 g5 (20... Qf7 $5 {[%cal Rg6g5]}) 21. Nd3 g4 22. e5 dxe5 23. dxe5 Bd8 (23... g3 $5 {[%cal Rg3f2]} 24. Qf3 Bxe5 $14) 24. Bc5 (24. hxg4 $11 Bxg4 25. Kh1) 24... Be6 $15 25. Bd6 Qf7 (25... Qc8 $17) 26. Qe3 (26. Qe2 $14 Qd7 27. Nc5) 26... Qh5 (26... Bg5 $15 27. Qb6 Qg6) 27. Nf4 $11 Qh6 28. Nxe6 {Strongly threatening Qxh6.} Qxe3+ 29. Rxe3 Nxe6 30. Ne4 $36 {[%mdl 2048] White fights for an advantage.} gxh3 31. Bxh3 b5 ({Black should play} 31... Nhg5 $14) 32. axb5 $16 cxb5 33. c5 ({Don't play} 33. cxb5 $6 Bb6 $11) 33... Nhg5 (33... b4 $16 {was necessary.} 34. Bg4 Ra7) 34. Nxg5 (34. Bf5 $1 $18 {has better winning chances.}) 34... Bxg5 35. Ref3 Ra6 (35... Nxc5 $142 36. Bxc5 Rxe5) 36. Bg4 (36. Bf5 $16) 36... Kh7 $1 $14 37. Rc3 {aiming for c6.} Rc6 38. Kg2 b4 $2 (38... Bd2 $14) 39. Rc4 $18 Nxc5 40. Rxc5 Rxc5 41. Bxc5 {Black must now prevent Bd6.} Rxe5 {[#]} 42. Rf5 $1 {[%cal Rf5e5]} Rxf5 43. Bxf5+ g6 44. Bd7 Bd8 45. Kf3 Kg7 46. Ke4 (46. b3 $18 {and White stays clearly on top.}) 46... Kf6 {[#]} (46... b3 $16 47. Kf4 Bf6) 47. b3 $1 Bc7 48. Kd5 Bd8 49. Be3 g5 $2 (49... Kg7 {is tougher.} 50. Bd4+ Kf7 51. Be6+ Ke7) 50. Bg4 Bc7 51. Bd4+ Ke7 52. Kc6 Bd8 53. Bc5+ Kf7 {intending ...a4.} 54. Kd7 Bf6 55. Bb6 a4 $2 (55... Bc3 56. Bxa5 Kg7) 56. bxa4 {[%cal Bb3a4,Ba4a5][%mdl 32]} Kg6 57. a5 {White mates.} b3 58. Ke6 b2 59. Bf5+ {Accuracy: White = 48%, Black = 26%.} 1-0

[Event "WJCC U20 Open 2019"]
[Site "New Delhi"]
[Date "2019.10.22"]
[Round "8.16"]
[White "Bharath Subramaniyam H"]
[Black "Nigmatov, Ortik"]
[Result "0-1"]
[WhiteElo "2417"]
[BlackElo "2494"]
[Annotator "RC"]
[PlyCount "68"]
[EventDate "2019.10.15"]
[EventType "swiss"]
[EventCountry "IND"]
[SourceTitle "playchess.com"]
[Source "ChessBase"]
[SourceQuality "1"]
[TimeControl "40/5400+30:1800+30"]

1. e4 {[%emt 0:00:00]} c5 {[%emt 0:00:00]} 2. Nf3 {[%emt 0:00:00]} Nc6 {[%emt 0:00:00]} 3. d4 {[%emt 0:00:33]} cxd4 {[%emt 0:00:00]} 4. Nxd4 {[%emt 0:00:06]} g6 {[%emt 0:00:00]} 5. c4 {[%emt 0:04:43]} Bg7 {[%emt 0:00:17]} 6. Be3 {[%emt 0:00:20]} Nf6 {[%emt 0:00:07]} 7. Nc3 {[%emt 0:00:14]} d6 {[%emt 0:00:06]} 8. Be2 {[%emt 0:00:57]} O-O {[%emt 0:00:08]} 9. O-O {[%emt 0:00:46]} Bd7 {[%emt 0:00:05]} 10. Qd2 {[%emt 0:06:14]} Nxd4 {[%emt 0:00:21]} 11. Bxd4 {[%emt 0:00:07]} Bc6 {[%emt 0:00:05]} 12. f3 {[%emt 0:00:50]} Nd7 {[%emt 0:00:13]} 13. Be3 {[%emt 0:02:54]} a5 {[%emt 0:00:20]} 14. b3 {[%emt 0:05:40]} Nc5 {[%emt 0:00:21]} 15. Rab1 {[%emt 0:05:42]} e6 {[%emt 0:00:11]} 16. Rfd1 {[%emt 0:05:01]} Be5 {[%emt 0:00:29]} 17. Nb5 {[%emt 0:18:50]} Qh4 {[%emt 0:01:31]} 18. g3 {[%emt 0:04:43]} Bxg3 {[%emt 0:00:41]} 19. hxg3 {[%emt 0:05:20]} Qxg3+ {[%emt 0:00:06]} 20. Kf1 {[%emt 0:00:12]} Nxe4 {[%emt 0:00:23]} 21. Qd3 {[%emt 0:16:59]} f5 {[%emt 0:00:35]} 22. Nd4 {[%emt 0:05:42]} Bd7 {[%emt 0:02:00]} 23. f4 {[%emt 0:06:06]} e5 {[%emt 0:05:39]} 24. Nf3 {[%emt 0:01:08]} Bc6 {[%emt 0:00:18]} 25. c5 {[%emt 0:05:07]} g5 {[%emt 0:27:07]} 26. cxd6 {[%emt 0:00:43]} g4 {[%emt 0:01:56]} 27. Ne1 {[%emt 0:03:21]} Qh3+ {[%emt 0:07:36]} 28. Kg1 {[%emt 0:00:05]} Ng3 {[%emt 0:01:07]} 29. Qc4+ {[%emt 0:00:58]} Kg7 {[%emt 0:00:34]} 30. Bb6 {[%emt 0:00:43]} exf4 {[%emt 0:18:36]} 31. Bd4+ {[%emt 0:00:45]} Kg6 {[%emt 0:00:05]} 32. Bf1 {[%emt 0:00:35]} Nxf1 {[%emt 0:03:08]} 33. Qe6+ {[%emt 0:00:29]} Kh5 {[%emt 0:00:06]} 34. d7 {[%emt 0:00:32]} Ng3 {[%emt 0:00:17]} 0-1